Normal view
MARC view
Entry Topical Term
001 - CONTROL NUMBER
- control field: 7017
003 - CONTROL NUMBER IDENTIFIER
- control field: BD-RjUL
005 - DATE AND TIME OF LATEST TRANSACTION
- control field: 20230215154719.0
008 - FIXED-LENGTH DATA ELEMENTS
- fixed length control field: 230215|| aca||aabn | a|a d
040 ## - CATALOGING SOURCE
- Original cataloging agency: BD-RjUL
- Transcribing agency: BD-RjUL
150 ## - HEADING--TOPICAL TERM
- Topical term or geographic name entry element: মাদ্রাসা
- Geographic subdivision: বাংলাদেশ
- Geographic subdivision: চাঁপাইনবাবগঞ্জ অঞ্চল
- Chronological subdivision: ১৯০০-২০০৬ খ্রিষ্টাব্দ
670 ## - SOURCE DATA FOUND
- Source citation: Work cat.: (BD-RjUL)81170: আলী, মো. কেরামত 6838, চাঁপাইনবাবগঞ্জ অঞ্চলে ইসলাম প্রচার ও সমাজ সংস্কারে আলিমদের ভূমিকা (১৯০০-২০০৬ খ্রীষ্টাব্দ) /, ২০১৪